| Tag |
First Indicator |
Second Indicator |
Subfields |
| LEADER |
00000cam a2200000 a 4500 |
| 001 |
in00002786846 |
| 005 |
20151202172134.0 |
| 008 |
120419s2012 gw b 001 0 eng c |
| 020 |
|
|
|a 9783868381337
|
| 020 |
|
|
|a 3868381333
|
| 035 |
|
|
|a (OCoLC)ocn786187650
|
| 040 |
|
|
|a AZS
|c AZS
|d YDX
|d ZCU
|d TXA
|d UtOrBLW
|
| 049 |
|
|
|a TXAM
|
| 082 |
0 |
|
|a 111
|2 23
|
| 090 |
|
|
|a BD311
|b .E54 2012
|
| 100 |
1 |
|
|a Englebretsen, George.
|
| 245 |
1 |
0 |
|a Robust reality :
|b an essay in formal ontology /
|c George Englebretsen.
|
| 264 |
|
1 |
|a Frankfurt :
|b Ontos Verlag,
|c [2012]
|
| 264 |
|
4 |
|c ©2012
|
| 300 |
|
|
|a xiii, 184 pages ; 22 cm.
|
| 336 |
|
|
|a text
|b txt
|2 rdacontent
|
| 337 |
|
|
|a unmediated
|b n
|2 rdamedia
|
| 338 |
|
|
|a volume
|b nc
|2 rdacarrier
|
| 490 |
1 |
|
|a Philosophische Analyse ;
|v Bd. 46 =
|a Philosophical analysis ;
|v v. 46
|
| 504 |
|
|
|a Includes bibliographical references (pages [159]-169) and index.
|
| 650 |
|
0 |
|a Ontology.
|
| 830 |
|
0 |
|a Philosophische Analyse ;
|v Bd. 46.
|
| 945 |
|
|
|a PromptCat
|
| 948 |
|
|
|a cataloged
|b h
|c 2012/12/18
|d c
|e dmitchel
|f 2:50:40 pm
|
| 994 |
|
|
|a C0
|b TXA
|
| 999 |
|
|
|a MARS
|
| 999 |
f |
f |
|s 4ebdc830-f867-31f9-a9ac-05dab3272090
|i f77cbdce-e769-3bf1-a04f-f3db7214b06f
|t 0
|
| 952 |
f |
f |
|p ric
|a Texas A&M University
|b Rellis Campus
|c Joint Library Facility
|d Remote Storage
|t 0
|e BD311 .E54 2012
|h Library of Congress classification
|i unmediated -- volume
|m A14836003059
|
| 998 |
f |
f |
|a BD311 .E54 2012
|t 0
|l Remote Storage
|